000 02140nam a2200325 i 4500
001 000020690
003 DO-SdBNP
005 20241126101235.0
007 ta
008 100812s2016 000 0 spa d
020 _a9789945586831
040 _aDO-SdBNP
_bspa
_cBNPHU
_erda
082 _axxx
_bH557v
_222
100 1 _aHernández Figueroa, Alfredo Rafael
_eautor
_96902
245 1 3 _aLa vega en la historia dominicana /
_c Alfredo Rafael Hernández Figueroa
264 _aSanto Domingo :
_bArchivo General de la Nación,
_c2016.
300 _a2 v.olumen:
_bilustraciones retratos. ;
_c23 cm.
336 _ardacontent
_btexto
_2txt
337 _ardamedia
_bsin mediación
_2n
338 _ardacarrier
_bvolumen
_2nc
490 _a Archivo General de la Nación ;
_v276
500 _aIncluye referencias bibliográficas y notas al pie de las páginas.
500 _aIncluye datos biográficos del autor en las solapas.
505 _aPresentación --
_tIntroducción --
_gVOLUMEN I :
_tLa sociedad vegana contemporánea --
_tOrígenes de la ciudad y provincia de La Vega.
_tGeneralidades --
_tPeriodo republicano, Primera República, anexión y restauración, 1843-1865 --
_tSegunda república, 1865-1916, sucesos desde la presidencia de Cabral hasta 1874 --
_tSegunda república, desde 1874 hasta el gobierno de Luperón, 1880 --
_tDesde el gobierno de Luperón, 1880 hasta la revolución de Moya, 1886 --
_tSegunda república, desde la Revolución de Moya, hasta la caída de Heureaux, 1899.
_gVOLUMEN II :
_tDesde la caía de Heureaux hasta la pérdida de la soberanía, 1916 --
_t Perdida de la soberanía: desde la Ocupación Militar Norteamericana, 1916, hasta el gobierno de Horacio Vásquez, 1924 --
_tTercera república: desde la gestión de Horacio Vásquez 1924, hasta la de Jacinto B. Peynado, 1938 --
_tTercera República: desde la presidencia de Jacinto B. Peynado 1938, hasta la muerte de Trujillo 1961
_tDesde la muerte de Trujillo hasta 1989 --
_tApéndice 1990-2013 --
590 _aInventariado, 2020 /LP
700 _aGonzález, Raymundo
_epresentación
_96373
910 _aLP
942 _2ddc
_cLF1
956 _aLOPEREZ
999 _c20194
_d20194